Entry Nombre personal
001 - NÚMERO DE CONTROL
- campo de control: 32666
003 - IDENTIFICADOR DE NÚMERO DE CONTROL
- campo de control: SpMaBN
005 - FECHA Y HORA DE LA ÚLTIMA TRANSACCIÓN
- campo de control: 20250218161651.0
008 - ELEMENTOS DE DATO DE LONGITUD-FIJA
- campo de control de longitud fija: 900725nn ainnnaabn n aaa
016 ## - NÚMERO DE CONTROL DE UNA AGENCIA BIBLIOGRÁFICA NACIONAL
- Número de control del registro: BNE19971365588
024 7# - IDENTIFICADOR DE OTROS ESTÁNDARES
- Número estándar o código: https://isni.org/isni/0000000498718853
- Fuente: isni
024 7# - IDENTIFICADOR DE OTROS ESTÁNDARES
- Número estándar o código: http://viaf.org/viaf/170151352055852602215/
- Fuente: viaf
040 ## - FUENTE DE CATALOGACIÓN
- Centro catalogador/agencia de origen: SpMaBN
- Lengua de catalogación: spa
- Centro/agencia transcriptor: SpMaBN
- Normas de descripción: rdc
- Convención/Normas de encabezamiento de materia/tesauro: embne
046 ## - FECHAS CON CODIFICACIÓN ESPECIAL
- Fecha de nacimiento: 1898
- Fecha de la muerte: 1951
100 1# - ENCABEZAMIENTO-NOMBRE DE PERSONA
- Nombre de persona: Burgos Lecea, Francisco,
- Fechas asociadas al nombre: 1898-1951
370 ## - LUGAR ASOCIADO
- Lugar de nacimiento: España, Andalucía, Cádiz (Provincia), Jerez de la Frontera
370 ## - LUGAR ASOCIADO
- Lugar de nacimiento: España, Madrid (Comunidad Autónoma), Madrid
374 ## - OCUPACIÓN
- Ocupación: Escritores
- Ocupación: Periodistas
375 ## - GÉNERO/SEXO
- Género: Masculino
377 ## - IDIOMA ASOCIADO
- Término de lengua/lenguaje: Español
670 ## - FUENTE DE DATOS ENCONTRADOS
- Cita de la fuente: Naici, delantero
- Información encontrada: portada(por Francisco Burgos Lecea)
670 ## - FUENTE DE DATOS ENCONTRADOS
- Cita de la fuente: Gil Cano, Mauricio. El cuentista que decía la verdad : Francisco Burgos Lecea (1898-1951), un escritor de vanguardia olvidado
- Información encontrada: (Francisco Burgos Lecea, nacido en 1898 en Jeréz de La Frontera. Escritor de vanguardia. Aparte de varios volúmenes de cuentos y algunas obras teatrales no publicadas, escribió artículos de crítica literaria y fundó un periódico llamado Frente Literario. Murió en Madrid en 1951 poco después de salir de la cárcel, donde estuvo tras la Guerra Civil por su compromiso político)
